[Event "7th LCT 2013"]
[Site "Leiden NED"]
[Date "2013.07.14"]
[Round "3.15"]
[White "Van den Berg, Dick"]
[Black "Heemskerk, Wim"]
[Result "0-1"]
[BlackTitle "FM"]
[WhiteElo "2028"]
[BlackElo "2239"]
[WhiteFideId "1047647"]
[BlackFideId "1001000"]
[EventDate "2013.07.12"]

1. d4 e6 2. c4 Nf6 3. Nc3 Bb4 4. e3 b6 5. Ne2 Ba6 6. a3 Be7 7. Nf4 d5 8. Qa4+ c6
9. cxd5 Bxf1 10. dxe6 b5 11. exf7+ Kxf7 12. Qc2 Bc4 13. b3 Be6 14. Nxe6 Kxe6 15.
g4 Qd7 16. g5 Nd5 17. Ne4 Kf7 18. Bb2 a5 19. Nc5 Qg4 20. Nd3 Bd6 21. Kd2 Ra7 22.
Rhg1 Qf3 23. Rg3 Bxg3 24. hxg3 Re7 25. Re1 Rhe8 26. Ne5+ Rxe5 27. dxe5 g6 28. e4
Nc7 29. Bd4 Ne6 30. Be3 c5 31. Bxc5 Rc8 32. b4 Nxc5 33. bxc5 Qxf2+ 34. Re2 Qxc5
35. Qb3+ Ke7 36. Rh2 Qc1+ 37. Kd3 Rd8+ 38. Qd5 Rxd5+ 39. exd5 Qc4+ 0-1

[Event "7th LCT 2013"]
[Site "Leiden NED"]
[Date "2013.07.14"]
[Round "3.16"]
[White "Wilschut, Peter"]
[Black "Klop, Tjomme"]
[Result "1-0"]
[WhiteElo "2232"]
[BlackElo "2069"]
[WhiteFideId "1007165"]
[BlackFideId "1027115"]
[EventDate "2013.07.12"]

1. e4 e5 2. Nc3 Nf6 3. g3 d5 4. exd5 Nxd5 5. Bg2 Nxc3 6. bxc3 Bd6 7. Nf3 O-O 8.
O-O Nc6 9. d4 Re8 10. Ng5 h6 11. Ne4 Bf5 12. Re1 Qd7 13. d5 Ne7 14. c4 b6 15.
Be3 Rad8 16. c5 bxc5 17. c4 Bxe4 18. Bxe4 Nf5 19. Bxf5 Qxf5 20. Rb1 Rb8 21. Rb5
Rxb5 22. cxb5 c4 23. Qa4 Rb8 24. Qxc4 Qc8 25. Rc1 f5 26. f3 f4 27. Bf2 Qh3 28.
Qf1 Qf5 29. g4 Qg6 30. Qc4 h5 31. h3 hxg4 32. hxg4 Kf7 33. Kg2 Re8 34. Qe4 Qxe4
35. fxe4 Ra8 36. Rc6 Kf6 37. Bh4+ Kf7 38. a4 Rh8 39. Bf2 Kg6 40. Bxa7 Kg5 41. b6
Kxg4 42. b7 f3+ 43. Kf1 Rh1+ 44. Bg1 Rh8 45. a5 Kf4 46. a6 1-0

[Event "7th LCT 2013"]
[Site "Leiden NED"]
[Date "2013.07.14"]
[Round "3.17"]
[White "Kubbenga, Michael"]
[Black "Padurariu, Ioana-Smaranda"]
[Result "0-1"]
[BlackTitle "WIM"]
[WhiteElo "1955"]
[BlackElo "2208"]
[WhiteFideId "1022920"]
[BlackFideId "1210947"]
[EventDate "2013.07.12"]

1. d4 Nf6 2. c4 e6 3. Nc3 Bb4 4. Qc2 O-O 5. e4 d5 6. e5 Ne4 7. Bd3 f5 8. exf6
Nxf6 9. Nf3 Nc6 10. O-O Bd6 11. Qe2 a6 12. c5 Be7 13. Be3 Qe8 14. Rac1 Qh5 15.
h3 Bd7 16. Ne5 Nxe5 17. Qxh5 Nxh5 18. dxe5 Nf4 19. Bc2 b6 20. cxb6 c5 21. Ba4
Bc8 22. Bc6 Rb8 23. Na4 Nd3 24. Rcd1 Nxe5 25. b7 Bd7 26. Bxd7 Nxd7 27. Rc1 d4
28. Bd2 Rxb7 29. Rfe1 Kf7 30. Rc4 Bd6 31. Rec1 Rb5 32. b4 Ne5 33. Rxc5 Bxc5 34.
Rxc5 Rxc5 35. Nxc5 Nc4 36. Bc1 d3 37. Nxd3 Rd8 38. Nb2 Nxb2 39. Bxb2 Rd1+ 40.
Kh2 Rd2 41. Be5 Rxf2 42. a4 Re2 43. Bd6 Ra2 44. a5 Kf6 45. Kg3 e5 46. Bc5 Kf5
47. h4 Ra3+ 48. Kf2 Kf4 0-1

[Event "7th LCT 2013"]
[Site "Leiden NED"]
[Date "2013.07.14"]
[Round "3.18"]
[White "Van der Hoeven, Gerben"]
[Black "Vistisen, Lars"]
[Result "0-1"]
[WhiteElo "1962"]
[BlackElo "2177"]
[WhiteFideId "1040006"]
[BlackFideId "1404598"]
[EventDate "2013.07.12"]

1. c4 e5 2. e3 Nf6 3. a3 c6 4. Nf3 e4 5. Nd4 d5 6. cxd5 cxd5 7. Qc2 Bd7 8. d3
Nc6 9. Nc3 Rc8 10. Qb3 Bc5 11. Nde2 exd3 12. Nf4 d4 13. Nd1 dxe3 14. Nxe3 Nd4
15. Qxd3 Bb5 16. Qd1 Bxf1 17. Kxf1 O-O 18. b4 Bb6 19. h4 Qd6 20. Ne2 Rfd8 21.
Nxd4 Bxd4 22. Rb1 Ne4 23. Nf5 Qb6 24. Qf3 Rxc1+ 0-1

[Event "7th LCT 2013"]
[Site "Leiden NED"]
[Date "2013.07.14"]
[Round "3.19"]
[White "Van der Marel, Bert"]
[Black "Blankert, Willem"]
[Result "1-0"]
[WhiteElo "2176"]
[BlackElo "2010"]
[WhiteFideId "1005855"]
[BlackFideId "1015850"]
[EventDate "2013.07.12"]

1. d4 e6 2. c4 f5 3. g3 Nf6 4. Bg2 c6 5. Nh3 d6 6. O-O Be7 7. Nc3 O-O 8. b3 Na6
9. Bb2 Qe8 10. Qd2 Nc7 11. Rae1 e5 12. e4 f4 13. gxf4 Bxh3 14. Bxh3 Qh5 15. Bg2
exf4 16. f3 Nd7 17. e5 Bh4 18. exd6 Bg3 19. hxg3 fxg3 20. Bh1 Rf4 21. Ne4 Ne8
22. Nxg3 Qh4 23. Qh2 Qf6 24. Ne4 Qf5 25. Bc1 1-0

[Event "7th LCT 2013"]
[Site "Leiden NED"]
[Date "2013.07.14"]
[Round "3.21"]
[White "Den Hartog, Marijn"]
[Black "Van der Auweraert, Elwin"]
[Result "1-0"]
[WhiteElo "1916"]
[BlackElo "2154"]
[WhiteFideId "1046098"]
[BlackFideId "1029568"]
[EventDate "2013.07.12"]

1. e4 c5 2. Nc3 d6 3. f4 g6 4. Nf3 Bg7 5. Bb5+ Bd7 6. Bc4 Nc6 7. O-O Na5 8. Be2
Nc6 9. Bc4 Na5 10. Be2 Nf6 11. Qe1 O-O 12. d3 Nc6 13. Qh4 Nd4 14. Bd1 b5 15. f5
gxf5 16. Bh6 e6 17. Ng5 Re8 18. Ne2 Qe7 19. Nxd4 cxd4 20. Rf3 Qf8 21. Rg3 Kh8
22. Bxg7+ Qxg7 23. Nxe6 fxe6 24. Rxg7 Kxg7 25. exf5 exf5 26. Kf2 Re5 27. Qxd4
Rae8 28. Bf3 R8e6 29. Qxa7 Re7 30. Qd4 R7e6 31. h3 Kf7 32. b3 Ng8 33. Bd5 Rxd5
34. Qxd5 Ne7 35. Qf3 Bc6 36. Qh5+ Rg6 37. Qxh7+ Kf6 38. Qh8+ Kf7 39. g3 f4 40.
g4 Ng8 41. Qh7+ 1-0

[Event "7th LCT 2013"]
[Site "Leiden NED"]
[Date "2013.07.14"]
[Round "3.22"]
[White "Van 't Hof, Eric"]
[Black "Scherpenisse, Kees"]
[Result "1-0"]
[WhiteTitle "CM"]
[WhiteElo "2144"]
[BlackElo "1954"]
[WhiteFideId "1015214"]
[BlackFideId "1012010"]
[EventDate "2013.07.12"]

1. d4 f5 2. Bg5 g6 3. Nc3 Bg7 4. h4 h6 5. Bf4 Nf6 6. e3 d5 7. Qf3 c6 8. Qg3 Na6
9. Qxg6+ Kf8 10. Nf3 Ng4 11. Bxa6 bxa6 12. Qxc6 Bd7 13. Qxd5 e6 14. Qd6+ Kg8 15.
Ne5 Nxe5 16. Bxe5 Bf8 17. Qxa6 Rh7 18. O-O-O Bc8 19. Qc6 Bd7 20. Qf3 Rc8 21. Rh3
Qa5 22. Rg3+ Kf7 23. Qh5+ Ke7 24. e4 Rf7 25. Bd6+ Ke8 26. Rg8 1-0

[Event "7th LCT 2013"]
[Site "Leiden NED"]
[Date "2013.07.14"]
[Round "3.23"]
[White "Van der Togt, Twan"]
[Black "Overeem, Marc"]
[Result "0-1"]
[BlackTitle "FM"]
[WhiteElo "1880"]
[BlackElo "2139"]
[WhiteFideId "1043471"]
[BlackFideId "1004972"]
[EventDate "2013.07.12"]

1. e4 c5 2. Nf3 d6 3. d4 cxd4 4. Nxd4 Nf6 5. Nc3 a6 6. Be2 e5 7. Nb3 Be7 8. Be3
Be6 9. O-O O-O 10. f4 exf4 11. Rxf4 Nc6 12. Nd5 Bxd5 13. exd5 Ne5 14. Rb4 Qc7
15. a4 Rac8 16. c3 Nfd7 17. a5 Rfe8 18. Bf4 Bf8 19. Kh1 g6 20. Nd4 Bg7 21. Qc2
Nf6 22. Qb3 Rb8 23. Bxe5 dxe5 24. Nf3 Bh6 25. Rd1 e4 26. d6 Qxa5 27. Nd4 Qd8 28.
Rf1 Bg7 29. Rb6 Rf8 30. Bc4 h5 31. h3 h4 32. d7 a5 33. Ne2 a4 34. Qb4 Kh7 35.
Rd6 e3 36. Bd3 Nh5 37. Qg4 Kg8 38. Bxg6 fxg6 39. Rxf8+ Qxf8 40. Rxg6 Ng3+ 41.
Nxg3 hxg3 42. Qxg3 Rd8 43. Qxe3 Rxd7 44. Qg3 Rf7 45. Rg4 Qc5 46. Kh2 b5 47. Rg5
Qb6 48. Qe5 b4 49. cxb4 Kf8 50. Qd5 Qc7+ 51. Kg1 Qc1+ 52. Kh2 Qc7+ 53. Kg1 Bd4+
54. Qxd4 Qc1+ 55. Kh2 Qxg5 56. Qd6+ Kg8 57. Qb8+ 0-1

[Event "7th LCT 2013"]
[Site "Leiden NED"]
[Date "2013.07.14"]
[Round "3.25"]
[White "Vreeburg, Jan"]
[Black "Roorda, Thijs"]
[Result "1/2-1/2"]
[WhiteElo "1922"]
[BlackElo "2088"]
[WhiteFideId "1019066"]
[BlackFideId "1027930"]
[EventDate "2013.07.12"]

1. d4 e6 2. c4 b6 3. Nf3 Bb7 4. Nc3 f5 5. g3 Bxf3 6. exf3 Nf6 7. Bg2 d5 8. O-O
Be7 9. Qe2 Kf7 10. Re1 Qd7 11. Bf4 Nc6 12. Rad1 Rhe8 13. Nb5 Bd8 14. Be5 Na5 15.
b3 Nb7 16. Nc3 c6 17. g4 g6 18. Qd2 Qe7 19. Qh6 Qf8 20. Qxf8+ 1/2-1/2

[Event "7th LCT 2013"]
[Site "Leiden NED"]
[Date "2013.07.14"]
[Round "3.26"]
[White "Van Halderen, Herman"]
[Black "Orlova, Yelizaveta"]
[Result "1-0"]
[BlackTitle "WC"]
[WhiteElo "2071"]
[BlackElo "1942"]
[WhiteFideId "1026682"]
[BlackFideId "2601826"]
[EventDate "2013.07.12"]

1. d4 c5 2. d5 e5 3. e4 d6 4. Nc3 a6 5. a4 b6 6. Be2 Be7 7. Nf3 Nf6 8. O-O Nbd7
9. Kh1 Nf8 10. Ne1 Ng6 11. Nd3 O-O 12. g3 Bh3 13. Rg1 Bd7 14. f4 b5 15. f5 Nh8
16. Bf3 Ne8 17. g4 b4 18. Ne2 Bg5 19. Bxg5 Qxg5 20. Qe1 Qe3 21. Rg3 f6 22. Bg2
Qh6 23. Rh3 Qg5 24. Ng1 1-0

[Event "7th LCT 2013"]
[Site "Leiden NED"]
[Date "2013.07.14"]
[Round "3.29"]
[White "Van der Meer, Kees"]
[Black "Weiland, Harro"]
[Result "1/2-1/2"]
[WhiteElo "2039"]
[BlackElo "1935"]
[WhiteFideId "1007793"]
[BlackFideId "1006690"]
[EventDate "2013.07.12"]

1. d4 e6 2. c4 d5 3. g3 Bb4+ 4. Bd2 Qe7 5. Bg2 Nf6 6. Nf3 Ne4 7. O-O O-O 8. a3
Bxd2 9. Nbxd2 Rd8 10. Rc1 Nc6 11. e3 Nxd2 12. Qxd2 dxc4 13. Qc3 e5 14. Nxe5 Nxe5
15. dxe5 Be6 16. Bxb7 Rab8 17. Be4 Rb3 18. Qc2 Rdb8 19. Rb1 g6 20. Bc6 c3 21.
bxc3 Qc5 22. Bf3 Qxe5 23. a4 a5 24. Rbc1 1/2-1/2

[Event "7th LCT 2013"]
[Site "Leiden NED"]
[Date "2013.07.14"]
[Round "3.32"]
[White "Kolodkin, Daniil"]
[Black "De Coverly, Roger D"]
[Result "0-1"]
[WhiteElo "1979"]
[BlackElo "2036"]
[WhiteFideId "1039776"]
[BlackFideId "405213"]
[EventDate "2013.07.12"]

1. e4 e5 2. Nf3 Nc6 3. d4 exd4 4. Nxd4 Nf6 5. Nxc6 bxc6 6. e5 Qe7 7. Qe2 Nd5 8.
c4 Ba6 9. Nd2 g6 10. Qe4 f5 11. exf6 Nxf6 12. Qxe7+ Bxe7 13. Be2 O-O 14. O-O
Rae8 15. Bf3 Bb4 16. a3 Bxd2 17. Bxd2 Bxc4 18. Rfc1 Be2 19. Bb4 Rf7 20. Re1 Bxf3
21. gxf3 d6 22. Rxe8+ Nxe8 23. Re1 Kf8 24. Kg2 Re7 25. Rc1 c5 26. Ba5 Kf7 27.
Rc4 Ke6 28. Bc3 c6 29. Re4+ Kd7 30. Ra4 Kc8 31. Kf1 d5 32. Ra5 c4 33. Bd4 Kb8
34. Ra6 Ng7 35. Bxg7 Kb7 36. Ra4 Rxg7 37. b3 c3 38. Ke2 Rd7 39. Kd3 d4 40. Ra5
Kb6 41. Rg5 Rf7 42. Rg3 c5 43. h4 Kc6 44. b4 cxb4 45. axb4 Rf4 46. Rg4 Rxf3+ 47.
Kxd4 c2 0-1

[Event "7th LCT 2013"]
[Site "Leiden NED"]
[Date "2013.07.14"]
[Round "3.33"]
[White "Koes, Richard"]
[Black "Tinga, Tjerk"]
[Result "0-1"]
[WhiteElo "1919"]
[BlackElo "2026"]
[WhiteFideId "1020528"]
[BlackFideId "1042718"]
[EventDate "2013.07.12"]

1. e4 e5 2. Nf3 Nc6 3. d4 exd4 4. Nxd4 Nf6 5. Nxc6 bxc6 6. e5 Qe7 7. Qe2 Nd5 8.
c4 Ba6 9. b3 Qh4 10. a3 Nf4 11. Qe4 Ng6 12. Qxh4 Nxh4 13. Nd2 Be7 14. g3 Ng6 15.
Bb2 O-O 16. Bg2 Rad8 17. O-O f6 18. f4 fxe5 19. fxe5 Rb8 20. Rxf8+ Nxf8 21. Bd4
c5 22. Be3 Ng6 23. Bd5+ Kh8 24. e6 d6 25. Rf1 Bf6 26. Be4 Re8 27. Bd5 Bc8 28.
Ne4 Bxe6 29. Nxf6 gxf6 30. Bd2 Bxd5 31. cxd5 Kg7 32. Bc3 Ne5 33. h3 Re7 34. Kg2
Kg6 35. g4 Re8 36. Kg3 Rb8 37. b4 cxb4 38. axb4 Rb5 39. Rd1 a5 40. bxa5 Rb3 41.
Rc1 Nd3 42. Ra1 Rxc3 43. a6 Nb4+ 44. Kh4 Nxd5 45. a7 Nb6 46. Ra6 Na8 0-1

[Event "7th LCT 2013"]
[Site "Leiden NED"]
[Date "2013.07.15"]
[Round "4.1"]
[White "Sengupta, Deep"]
[Black "Zaragatski, Ilja"]
[Result "1/2-1/2"]
[WhiteTitle "GM"]
[BlackTitle "IM"]
[WhiteElo "2555"]
[BlackElo "2494"]
[WhiteFideId "5008352"]
[BlackFideId "4655192"]
[EventDate "2013.07.12"]

1. e4 e5 2. Nf3 d6 3. d4 exd4 4. Qxd4 Ne7 5. Bg5 Nbc6 6. Qe3 h6 7. Bxe7 Bxe7 8.
Nc3 O-O 9. O-O-O Re8 10. Bc4 Bf6 11. Rhe1 Bg4 12. Kb1 Ne5 13. Nxe5 Bxe5 14. f3
Be6 15. Bxe6 Rxe6 16. Ne2 Qe8 17. Rd3 Qc6 18. Rb3 a5 19. Nd4 Bxd4 20. Qxd4 b5
21. Rd1 Re5 22. Rc3 Qb7 23. Re3 Rae8 1/2-1/2

[Event "7th LCT 2013"]
[Site "Leiden NED"]
[Date "2013.07.15"]
[Round "4.2"]
[White "Van Der Velden, Bram"]
[Black "Epishin, Vladimir"]
[Result "0-1"]
[BlackTitle "GM"]
[WhiteElo "2177"]
[BlackElo "2598"]
[WhiteFideId "1015753"]
[BlackFideId "4162714"]
[EventDate "2013.07.12"]

1. d4 g6 2. c4 Bg7 3. Nc3 c5 4. d5 e5 5. e4 d6 6. g3 h5 7. Nf3 Bg4 8. h3 Bxf3 9.
Qxf3 h4 10. Be3 Nd7 11. Bd3 a6 12. O-O-O Bh6 13. Kb1 Qf6 14. Qe2 Bxe3 15. Qxe3
Ne7 16. Bc2 Kf8 17. Rdf1 Rb8 18. Ba4 Nb6 19. Bb3 Rh7 20. f4 hxg3 21. Qxg3 exf4
22. Rxf4 Qe5 23. Qg4 g5 24. Rf3 Ng8 25. Rf5 Nh6 26. Rxe5 Nxg4 27. Rxg5 Ne5 28.
Rhg1 Ke7 29. Rg8 Rxg8 30. Rxg8 Nbxc4 31. Bxc4 Nxc4 32. Rg3 Rh4 33. Kc2 b5 34. a3
b4 35. axb4 cxb4 36. b3 Ne5 37. Nd1 Rxe4 38. Ne3 Rf4 39. Rg8 Rf3 40. Kd2 Rxh3
41. Nf5+ Kf6 42. Nxd6 Rd3+ 43. Kc2 Rxd5 44. Ne4+ Kf5 45. Ng3+ Kf4 46. Nh5+ Ke3 0-1

[Event "7th LCT 2013"]
[Site "Leiden NED"]
[Date "2013.07.15"]
[Round "4.4"]
[White "Hasangatin, Ramil"]
[Black "Prohaszka, Peter2"]
[Result "0-1"]
[WhiteTitle "GM"]
[BlackTitle "GM"]
[WhiteElo "2489"]
[BlackElo "2554"]
[WhiteFideId "4122160"]
[BlackFideId "726265"]
[EventDate "2013.07.12"]

1. e4 c6 2. d4 d5 3. Nd2 dxe4 4. Nxe4 Bf5 5. Nc5 b6 6. Nb3 e6 7. Nf3 Bd6 8. g3
Nf6 9. Bg2 O-O 10. O-O Nbd7 11. Nbd2 Rc8 12. Nc4 Be7 13. b3 c5 14. Bb2 Be4 15.
Ncd2 Bc6 16. c4 Qc7 17. Qe2 Rfe8 18. Ne5 Bxg2 19. Kxg2 cxd4 20. Bxd4 Red8 21.
Rad1 Nc5 22. Ndf3 h6 23. Bb2 Nce4 24. Ng4 Qb7 25. Nxf6+ Bxf6 26. Bxf6 gxf6 27.
Qe3 Kg7 28. Rfe1 Rxd1 29. Rxd1 b5 30. Re1 f5 31. cxb5 Qxb5 32. Kg1 Qa5 33. Re2
Rd8 34. Rc2 Rd1+ 35. Kg2 Qd5 36. h4 Rd3 37. Qf4 Nf6 38. Re2 Ng4 39. Rd2 Rxf3 0-1

[Event "7th LCT 2013"]
[Site "Leiden NED"]
[Date "2013.07.15"]
[Round "4.5"]
[White "Iljin, Artem"]
[Black "Pijpers, Arthur"]
[Result "1/2-1/2"]
[WhiteTitle "GM"]
[WhiteElo "2540"]
[BlackElo "2338"]
[WhiteFideId "4156021"]
[BlackFideId "1019554"]
[EventDate "2013.07.12"]

1. c4 e5 2. g3 c6 3. d4 Bb4+ 4. Bd2 Bxd2+ 5. Qxd2 d6 6. Nc3 Nf6 7. Bg2 O-O 8. e4
Qe7 9. Nge2 a5 10. b3 Na6 11. O-O Bg4 12. f3 Bh5 13. Rfd1 Rfd8 14. a3 Nc7 15.
Qe3 Ne6 16. Bh3 Nxd4 17. Nxd4 exd4 18. Rxd4 Nd7 19. Bxd7 Rxd7 20. Rad1 Re8 21.
Qd3 f5 22. c5 d5 23. exd5 Qxc5 24. b4 axb4 25. axb4 Qe7 26. Kf2 Rd6 27. dxc6
Rxd4 28. Qxd4 bxc6 29. Qc5 Qe6 30. Qd4 h6 31. Qc5 Kh7 32. Qd4 Kg8 33. Qc5 1/2-1/2

[Event "7th LCT 2013"]
[Site "Leiden NED"]
[Date "2013.07.15"]
[Round "4.6"]
[White "Howell, David W L"]
[Black "Van der Marel, Bert"]
[Result "1-0"]
[WhiteTitle "GM"]
[WhiteElo "2639"]
[BlackElo "2176"]
[WhiteFideId "410608"]
[BlackFideId "1005855"]
[EventDate "2013.07.12"]

1. Nf3 Nf6 2. c4 g6 3. b3 Bg7 4. Bb2 O-O 5. g3 d6 6. d4 e5 7. dxe5 Ng4 8. Nc3
Nxe5 9. Nxe5 Bxe5 10. Bg2 Nc6 11. O-O Bg4 12. Qd2 Bg7 13. Rae1 Qf6 14. Ba1 Qd4
15. Qc2 Nb4 16. Qc1 c6 17. Rd1 Qe5 18. h3 Bd7 19. Qd2 Qa5 20. Ne4 1-0

[Event "7th LCT 2013"]
[Site "Leiden NED"]
[Date "2013.07.15"]
[Round "4.9"]
[White "Vistisen, Lars"]
[Black "Zhou, Yang-Fan"]
[Result "0-1"]
[BlackTitle "IM"]
[WhiteElo "2177"]
[BlackElo "2469"]
[WhiteFideId "1404598"]
[BlackFideId "468584"]
[EventDate "2013.07.12"]

1. e4 c5 2. Nf3 d6 3. c3 Nf6 4. h3 g6 5. Bc4 Bg7 6. Qe2 O-O 7. O-O Nc6 8. Bb3 e5
9. d3 h6 10. Be3 Qe7 11. Nbd2 Nh5 12. Rae1 Bd7 13. Bd5 Rae8 14. Kh2 Kh8 15. g3
Nf6 16. Bb3 Na5 17. c4 b5 18. Ng1 Rb8 19. Rb1 Bc6 20. Bc2 Nh7 21. Qe1 bxc4 22.
dxc4 f5 23. f3 f4 24. Bf2 fxg3+ 25. Bxg3 Bd7 26. Qe2 Ng5 27. Qg2 Bf6 28. a3 Ne6
29. b4 Nc6 30. Ba4 Bg5 31. Bxc6 Bxc6 32. b5 Bd7 33. Rb2 Nf4 34. Bxf4 Rxf4 35.
Rf2 Rh4 36. Nf1 Bf4+ 37. Ng3 Be6 38. Rbc2 Qf7 39. Qf1 Be3 40. Rfe2 Bxg1+ 41.
Kxg1 Bxc4 0-1

[Event "7th LCT 2013"]
[Site "Leiden NED"]
[Date "2013.07.15"]
[Round "4.16"]
[White "Wiersma, Eelke"]
[Black "Den Hartog, Marijn"]
[Result "1/2-1/2"]
[WhiteTitle "IM"]
[WhiteElo "2374"]
[BlackElo "1916"]
[WhiteFideId "1002864"]
[BlackFideId "1046098"]
[EventDate "2013.07.12"]

1. d4 Nf6 2. c4 g6 3. Nc3 Bg7 4. e4 d6 5. f3 O-O 6. Be3 Nc6 7. Nge2 a6 8. Qd2
Rb8 9. Rb1 b5 10. cxb5 axb5 11. b4 Ba6 12. d5 Ne5 13. Nd4 Qd7 14. a4 Nc4 15.
Bxc4 bxc4 16. O-O e6 17. Nc6 Ra8 18. b5 Bb7 19. Rb4 exd5 20. exd5 Bxc6 21. bxc6
Qf5 22. Rxc4 Rfe8 23. Rd1 Re7 24. Rf4 Bh6 25. Rxf5 Bxe3+ 26. Qxe3 Rxe3 27. Rxf6
Rxc3 28. Rf4 Rc2 29. Rb1 Ra5 30. Rb5 Rxb5 31. axb5 Rb2 32. Ra4 1/2-1/2

[Event "7th LCT 2013"]
[Site "Leiden NED"]
[Date "2013.07.15"]
[Round "4.25"]
[White "Scherpenisse, Kees"]
[Black "Asefi, Zaheeruddeen"]
[Result "0-1"]
[BlackTitle "FM"]
[WhiteElo "1954"]
[BlackElo "2078"]
[WhiteFideId "1012010"]
[BlackFideId "11700025"]
[EventDate "2013.07.12"]

1. d4 Nf6 2. c4 g6 3. Nc3 Bg7 4. e4 d6 5. f4 O-O 6. Nf3 c5 7. d5 a6 8. a4 e6 9.
Be2 exd5 10. cxd5 Re8 11. Nd2 Qa5 12. O-O b5 13. Bf3 c4 14. e5 dxe5 15. Nde4
Nxe4 16. Nxe4 f5 17. d6 fxe4 18. Qd5+ Be6 19. Qxa8 Qb6+ 20. Kh1 exf3 21. fxe5
fxg2+ 22. Qxg2 Qd4 23. Be3 Qxe3 24. Rae1 Qc5 25. Rd1 Nd7 0-1

[Event "7th LCT 2013"]
[Site "Leiden NED"]
[Date "2013.07.15"]
[Round "4.33"]
[White "Serdijn, Adinda"]
[Black "Orlova, Yelizaveta"]
[Result "1-0"]
[BlackTitle "WC"]
[WhiteElo "2048"]
[BlackElo "1942"]
[WhiteFideId "1002740"]
[BlackFideId "2601826"]
[EventDate "2013.07.12"]

1. e4 c5 2. c3 g6 3. d4 cxd4 4. cxd4 d5 5. e5 Bg7 6. Nf3 Nc6 7. Nc3 Nh6 8. Qb3
O-O 9. Be2 Nf5 10. Be3 Nxe3 11. fxe3 e6 12. O-O Bh6 13. Nb5 Qb6 14. g4 Na5 15.
Qc3 Rd8 16. g5 Bf8 17. Qe1 h5 18. Qf2 Be7 19. b4 Bxb4 20. Rab1 Nc6 21. Nh4 Rf8
22. Rxb4 Nxb4 23. Nxg6 Bd7 24. Nxf8 Rxf8 25. Nd6 1-0

[Event "7th LCT 2013"]
[Site "Leiden NED"]
[Date "2013.07.15"]
[Round "4.36"]
[White "Koes, Richard"]
[Black "Kolodkin, Daniil"]
[Result "0-1"]
[WhiteElo "1919"]
[BlackElo "1979"]
[WhiteFideId "1020528"]
[BlackFideId "1039776"]
[EventDate "2013.07.12"]

1. e4 c5 2. Nf3 d6 3. Bc4 Nf6 4. Nc3 e6 5. O-O a6 6. a4 Be7 7. d4 cxd4 8. Nxd4
Nc6 9. Be3 O-O 10. Bb3 Bd7 11. f4 Qc7 12. Qe2 Rac8 13. Nxc6 Bxc6 14. f5 exf5 15.
exf5 d5 16. Bd4 Rfe8 17. Qf3 Bc5 18. Bxc5 d4 19. Qh3 dxc3 20. Bd4 cxb2 21. Bxb2
Qb6+ 22. Kh1 Re2 23. Rf3 Bxf3 24. gxf3 Rcxc2 25. Bxc2 Qxb2 26. Qf1 Rxc2 27. Rb1
Qe5 0-1

[Event "7th LCT 2013"]
[Site "Leiden NED"]
[Date "2013.07.16"]
[Round "5.3"]
[White "Zhou, Yang-Fan"]
[Black "Howell, David W L"]
[Result "1/2-1/2"]
[WhiteTitle "IM"]
[BlackTitle "GM"]
[WhiteElo "2469"]
[BlackElo "2639"]
[WhiteFideId "468584"]
[BlackFideId "410608"]
[EventDate "2013.07.12"]

1. e4 e5 2. Nf3 Nc6 3. Bc4 Bc5 4. c3 Nf6 5. d4 exd4 6. cxd4 Bb4+ 7. Nbd2 Nxe4 8.
d5 Ne7 9. O-O Nxd2 10. Bxd2 Bxd2 11. d6 cxd6 12. Qxd2 d5 13. Bxd5 O-O 14. Rad1
Nxd5 15. Qxd5 d6 16. b3 h6 17. Rfe1 Re8 18. Rxe8+ Qxe8 19. Re1 Qd8 20. h3 Rb8
21. Nd4 Bd7 22. Rd1 Qc7 23. Nf3 Be6 24. Qxd6 Qxd6 25. Rxd6 Kf8 26. Kf1 Rc8 27.
Ke2 Ke7 28. Rd2 g5 29. Nd4 Bd7 30. f4 f6 31. fxg5 hxg5 32. Kd3 Rc5 33. Re2+ Kd6
34. Rf2 Ke7 35. Ke4 Re5+ 36. Kd3 a5 37. a3 Rc5 38. Rf1 Kf7 39. b4 axb4 40. axb4
Rb5 41. Rb1 Rf5 42. Rb2 Rf1 43. Rc2 Ke8 44. Kc4 Kd8 45. Rd2 Kc7 46. Nb5+ Kc8 47.
Na7+ Kc7 48. Nb5+ Kc8 49. Nd4 Kc7 1/2-1/2

[Event "7th LCT 2013"]
[Site "Leiden NED"]
[Date "2013.07.16"]
[Round "5.4"]
[White "Epishin, Vladimir"]
[Black "Zaragatski, Ilja"]
[Result "1/2-1/2"]
[WhiteTitle "GM"]
[BlackTitle "IM"]
[WhiteElo "2598"]
[BlackElo "2494"]
[WhiteFideId "4162714"]
[BlackFideId "4655192"]
[EventDate "2013.07.12"]

1. d4 Nf6 2. Nf3 c5 3. d5 b5 4. c4 Bb7 5. a4 Qa5+ 6. Bd2 b4 7. Qc2 d6 8. e4 e5
9. g3 Nbd7 10. h4 g6 11. Bh3 Bg7 12. Bg5 Nh5 13. Qe2 h6 14. Bc1 O-O-O 15. Nbd2
Kb8 16. Nh2 Bc8 17. Nhf1 Nhf6 18. b3 Qc7 19. Bb2 h5 20. O-O-O Nf8 21. Bxc8 Qxc8
22. f3 Ne8 23. Ne3 Bh6 24. Rdf1 Ng7 25. f4 f6 26. fxe5 fxe5 27. Kc2 Nd7 28. Bc1
Rdf8 29. Nd1 Nf6 30. Nf2 Ng4 31. Nxg4 Qxg4 32. Qxg4 hxg4 33. Rxf8+ Rxf8 34. Rf1
Rxf1 35. Nxf1 Bxc1 36. Kxc1 Nh5 37. Kd2 Kc7 1/2-1/2

[Event "7th LCT 2013"]
[Site "Leiden NED"]
[Date "2013.07.16"]
[Round "5.7"]
[White "Van 't Hof, Eric"]
[Black "Iljin, Artem"]
[Result "0-1"]
[WhiteTitle "CM"]
[BlackTitle "GM"]
[WhiteElo "2144"]
[BlackElo "2540"]
[WhiteFideId "1015214"]
[BlackFideId "4156021"]
[EventDate "2013.07.12"]

1. d4 Nf6 2. c4 e6 3. Nc3 Bb4 4. Qc2 c5 5. dxc5 Qc7 6. Nf3 Bxc5 7. Bg5 a6 8. e3
Be7 9. Be2 d6 10. O-O b6 11. Rfd1 Bb7 12. Rac1 Nbd7 13. Nd4 O-O 14. b3 Ne5 15.
h3 Rfe8 16. f4 Ned7 17. Bf3 Rac8 18. Qf2 Bf8 19. g3 g6 20. Qg2 Bxf3 21. Qxf3 Bg7
22. Kg2 Nc5 23. Bxf6 Bxf6 24. b4 Bxd4 25. Rxd4 Nd7 26. Rcd1 Nf6 27. e4 Nh5 28.
f5 e5 29. Rxd6 Qxc4 30. Ne2 Qxa2 31. R1d2 Rc2 32. Rxc2 Qxc2 33. Rxb6 Rd8 34. f6
h6 35. Rxa6 Rd3 36. Ra2 Qc4 37. Ra8+ Kh7 38. Rc8 Qb3 39. Qg4 Nxf6 40. Qh4 g5 41.
Rh8+ Kxh8 42. Qxh6+ Nh7 0-1